Journey Into Space

Bibliographic Details
Main Author: Langley, Andrew
Format: Book
Published: England : Kibworth Books , 1994
Subjects:

MARC

LEADER 00000cam a2200000 7i4500
001 0000036671
005 20031218.0
008 031218s1994
020 |a 0723900124 
090 0 0 |a J 910.92 GRE 
100 1 |a Langley, Andrew 
245 1 0 |a Journey Into Space   |c Langley Andrew 
260 |a England :   |b Kibworth Books ,   |c 1994 
300 |a 31p. :   |b col. ill ;   |c 30cm. 
650 0 0 |a Travels 
999 |a 06168   |b Buku   |c Koleksi Pinjaman Kanak-Kanak   |e Perbadanan Perpustakaan Awam Melaka